000 00508nam a2200193Ia 4500
005 20250508162115.0
008 008 250505s9999 xx 000 0 hin d
037 _aTextual
040 _aFEDL
_beng
_cFEDL
041 _ahin
_2hin
084 _a170, MAC
_qFEDL
100 _aMackenji J. S.
_9772318
245 0 _aNiti - praveshika
260 _aDelhi, India
_bRajkamal Prakashan
_c1964
300 _axii,473p.
650 _aEthics
942 _cTEXL
_h170, MAC
999 _c1374417
_d1374417